|
|
|
|
| LEADER |
00000naa2a2200000 4500 |
| 001 |
426358 |
| 005 |
20231101074519.0 |
| 035 |
|
|
|a (RuTPU)RU\TPU\prd\85093
|
| 035 |
|
|
|a RU\TPU\prd\43594
|
| 090 |
|
|
|a 426358
|
| 100 |
|
|
|a 20100702a2006 k y0rusy50 ca
|
| 101 |
0 |
|
|a rus
|
| 102 |
|
|
|a RU
|
| 200 |
1 |
|
|a Определение содержания плутония в пробах 30-км зоны Чернобыльской АЭС
|f М. Д. Бондарьков [и др.]
|
| 225 |
1 |
|
|a Статьи
|
| 320 |
|
|
|a Библиогр.: 5 назв.
|
| 461 |
|
0 |
|0 (RuTPU)RU\TPU\prd\33
|x 0004-7163
|t Атомная энергия
|o теоретический и научно-технический журнал
|f Российская академия наук ; Министерство РФ по атомной энергии, ядерного общества
|d 1956-
|
| 463 |
|
0 |
|0 (RuTPU)RU\TPU\prd\85084
|t Т. 100, вып. 2
|v с. 146-150
|d 2006
|
| 610 |
1 |
|
|a плутоний
|
| 610 |
1 |
|
|a α-излучение
|
| 610 |
1 |
|
|a изотопы
|
| 610 |
1 |
|
|a определение содержания
|
| 610 |
1 |
|
|a образцы
|
| 610 |
1 |
|
|a природная среда
|
| 610 |
1 |
|
|a трансурановые нуклиды
|
| 610 |
1 |
|
|a америций
|
| 610 |
1 |
|
|a миграция
|
| 610 |
1 |
|
|a Чернобыльская АЭС
|
| 675 |
|
|
|a 539.12.7
|v 3
|
| 701 |
|
1 |
|a Бондарьков
|b М. Д.
|
| 701 |
|
1 |
|a Иванов
|b Ю. А.
|
| 701 |
|
1 |
|a Желтоножский
|b в. А.
|
| 701 |
|
1 |
|a Желтоножская
|b М. В.
|
| 801 |
|
1 |
|a RU
|b 63413507
|c 20060523
|g PSBO
|
| 801 |
|
2 |
|a RU
|b 63413507
|c 20100702
|g RCR
|
| 942 |
|
|
|c BK
|